000
00294nam a22001097a 4500
041
_a
ENG
245
_a
Symbols And Abbreviations For Use In Geological Maps,Sections And Subsurface Exploratory Logs
260
_a
New Delhi
_b
ISI
_c
1975
300
_a
08
650
_a
BIS Code
856
_u
BIS Code
999
_c
2122
_d
2122